| 000 | 00423nam a22001457a 4500 | ||
|---|---|---|---|
| 005 | 20250612023731.0 | ||
| 008 | 250612b |||||||| |||| 00| 0 eng d | ||
| 082 |
_222 _a305 _bSri |
||
| 100 | _aCentre for women research | ||
| 245 | _akantha dashaka saha Sri Lanka kanthawange prakathiya | ||
| 260 |
_aColombo _bCENWOR |
||
| 300 | _a254 p ., | ||
| 500 | _aThe Decade of women and the progress of Sri Lankan women | ||
| 942 | _cL | ||
| 999 |
_c6062 _d6062 |
||